书目信息 |
| 题名: |
化学化工常用软件实例教程
|
|
| 作者: | 彭智 , 陈悦 编 | |
| 分册: | ||
| 出版信息: | 北京 化学工业出版社 2006 |
|
| 页数: | 244页 | |
| 开本: | 26cm | |
| 丛书名: | ||
| 单 册: | ||
| 中图分类: | O6-39 , TQ015.9 | |
| 科图分类: | ||
| 主题词: | 化学--应用软件--教材 , 化学工业--应用软件--教材 , 化学 , 应用软件 , 化学工业 | |
| 电子资源: | ||
| ISBN: | 7-5025-7827-7 | |
| 000 | 00977nam0 2200313 450 | |
| 001 | 003077298 | |
| 005 | 20080225093533.09 | |
| 010 | @a7-5025-7827-7@dCNY28.00 | |
| 035 | @a003077298 | |
| 100 | @a20060104d2006 em y0chiy0110 ea | |
| 101 | 0 | @achi |
| 102 | @aCN@b110000 | |
| 105 | @ay z 000yy | |
| 106 | @ar | |
| 200 | 1 | @a化学化工常用软件实例教程@Ahua xue hua gong chang yong ruan jian shi li jiao cheng@f彭智,陈悦编 |
| 210 | @a北京@c化学工业出版社@d2006 | |
| 215 | @a244页@d26cm | |
| 330 | @a本书分别介绍了Word的软件的高级应用、PPT演示文稿的制作、化学办公软件ChemOffice的应用、数据处理软件Origin的应用、绘制示意图软件Visio等内容。 | |
| 606 | 0 | @a化学@x应用软件@j教材 |
| 606 | 0 | @a化学工业@x应用软件@j教材 |
| 606 | 0 | @a化学 |
| 606 | 0 | @a应用软件 |
| 606 | 0 | @a化学工业 |
| 690 | @aO6-39@v4 | |
| 690 | @aTQ015.9@v4 | |
| 701 | 0 | @a彭智@Apeng zhi@c(应用软件)@4编 |
| 701 | 0 | @a陈悦@Achen yue@4编 |
| 801 | 0 | @aCN@bNLC@c20080225 |
| 905 | @dO6-39@e404@f4 | |
| 化学化工常用软件实例教程/彭智,陈悦编.-北京:化学工业出版社,2006 |
| 244页;26cm |
| ISBN 7-5025-7827-7:CNY28.00 |
| 本书分别介绍了Word的软件的高级应用、PPT演示文稿的制作、化学办公软件ChemOffice的应用、数据处理软件Origin的应用、绘制示意图软件Visio等内容。 |
| ● |
| 相关链接 |
|
|
|
|
正题名:化学化工常用软件实例教程
索取号:O6-39/404
 
预约/预借
| 序号 | 登录号 | 条形码 | 馆藏地/架位号 | 状态 | 备注 |
| 1 | 0614421 | 206144215 | 第二样本阅览室/ [索取号:O6-39/404] | 在馆 | |
| 2 | 0614422 | 206144224 | 第三借阅区/ [索取号:O6-39/404] | 在馆 | |
| 3 | 0614423 | 206144233 | 第三借阅区/ [索取号:O6-39/404] | 在馆 | |
| 4 | 0614424 | 206144242 | 第三借阅区/ [索取号:O6-39/404] | 在馆 |